<?xml version="1.0" encoding="UTF-8"?><?xml-stylesheet type="text/xsl" href="static/style.xsl"?><OAI-PMH xmlns="http://www.openarchives.org/OAI/2.0/" xmlns:xsi="http://www.w3.org/2001/XMLSchema-instance" xsi:schemaLocation="http://www.openarchives.org/OAI/2.0/ http://www.openarchives.org/OAI/2.0/OAI-PMH.xsd"><responseDate>2026-04-17T11:43:54Z</responseDate><request verb="GetRecord" identifier="oai:riubu.ubu.es:10259/9345" metadataPrefix="marc">https://riubu.ubu.es/oai/request</request><GetRecord><record><header><identifier>oai:riubu.ubu.es:10259/9345</identifier><datestamp>2024-07-05T00:05:15Z</datestamp><setSpec>com_10259_6158</setSpec><setSpec>com_10259_5086</setSpec><setSpec>com_10259_2604</setSpec><setSpec>col_10259_6159</setSpec></header><metadata><record xmlns="http://www.loc.gov/MARC21/slim" xmlns:doc="http://www.lyncode.com/xoai" xmlns:xsi="http://www.w3.org/2001/XMLSchema-instance" xmlns:dcterms="http://purl.org/dc/terms/" xsi:schemaLocation="http://www.loc.gov/MARC21/slim http://www.loc.gov/standards/marcxml/schema/MARC21slim.xsd">
<leader>00925njm 22002777a 4500</leader>
<datafield tag="042" ind1=" " ind2=" ">
<subfield code="a">dc</subfield>
</datafield>
<datafield tag="720" ind1=" " ind2=" ">
<subfield code="a">Barros del Río, María Amor</subfield>
<subfield code="e">author</subfield>
</datafield>
<datafield tag="260" ind1=" " ind2=" ">
<subfield code="c">2023</subfield>
</datafield>
<datafield tag="520" ind1=" " ind2=" ">
<subfield code="a">The inclusion of gender in language teacher education and the EFL&#xd;
classroom has been a matter of concern for decades, with a marked interest in&#xd;
sexuality and queer pedagogies in more recent times. This demonstrates an interest&#xd;
in the relationship between language, sexuality and education, and more specifically,&#xd;
in enlarging the gender spectrum within language teacher education. This proposal&#xd;
combines a participatory design model for classroom intervention with a practical&#xd;
and interactive digital tool so that both educators and student teachers can address&#xd;
the inclusion of gender spectrum in their teaching practice.</subfield>
</datafield>
<datafield tag="024" ind2=" " ind1="8">
<subfield code="a">2164-0262</subfield>
</datafield>
<datafield tag="024" ind2=" " ind1="8">
<subfield code="a">http://hdl.handle.net/10259/9345</subfield>
</datafield>
<datafield tag="024" ind2=" " ind1="8">
<subfield code="a">2378-3524</subfield>
</datafield>
<datafield ind1=" " ind2=" " tag="653">
<subfield code="a">Gender spectrum</subfield>
</datafield>
<datafield ind1=" " ind2=" " tag="653">
<subfield code="a">Language teacher education</subfield>
</datafield>
<datafield ind1=" " ind2=" " tag="653">
<subfield code="a">EFL</subfield>
</datafield>
<datafield ind1=" " ind2=" " tag="653">
<subfield code="a">Classroom intervention</subfield>
</datafield>
<datafield ind1=" " ind2=" " tag="653">
<subfield code="a">Teaching practice</subfield>
</datafield>
<datafield ind1=" " ind2=" " tag="653">
<subfield code="a">Sexuality and queer pedagogies</subfield>
</datafield>
<datafield tag="245" ind1="0" ind2="0">
<subfield code="a">Fostering the Gender Spectrum Inclusion in English Language Teacher Education</subfield>
</datafield>
</record></metadata></record></GetRecord></OAI-PMH>